000 00569nam a2200229Ia 4500
003 OSt
005 20221005123809.0
006 a|||||r|||| 00| 0
007 ta
008 221004b |||||||| |||| 00| 0 tam d
024 _a52170
037 _cTextual
040 _aCRL
_cCRL
_btam
041 _2tam
_atam
082 _aV2,41wN03, 31K4
100 _aNamasivayam Co.
_9634234
245 0 _aMakkalatchi kamraj
260 _c1964
650 _aHISTORY
942 _hV2,41wN03, 31K4
_cTEXL
_2cc
999 _c1048510
_d1048510